Sídelný zemepis Kremnice

Bibliographic Details
Main Author: Lamoš, Teodor, 1921-1965 (Author)
Format: Book
Language:Slovak
PhysicalDescription:214 strán, 35 nečíslovaných strán obrazových príloh fotografie, grafy, mapy, plány, tabuľky 26 cm
Published: Bratislava Slovenská akadémia vied a umení 1948
Series:Práce z vedeckých ústavov Slovenskej akadémie vied (Rad A - kultúrnovedný)
Subjects:

MARC

LEADER 00000cam a2200000 a 4500
001 vtls008382043
003 SK-MaSNL
005 20260301075449.0
008 181121s1948 xo odblfrn 000 0 slo
015 |a SNBA19451955-006409 
020 |q (brožované) 
035 |a SK01SNKBKSFS20010074260 
035 |a SKM000076723 
040 |a SNK  |b slo  |c SNK  |e AACR2 
041 0 |a slo  |b fre 
043 |a e-xo--- 
044 |a xo  |c SK 
072 7 |a 913(437)  |x Geografia Česka a Slovenska, reálie, cestovanie  |2 konspekt 
080 |a 908(437.6)  |2 1981 
080 |a (437.641)  |2 2011 
080 |a (047.31)  |2 2011 
080 |a 913  |2 2011 
080 |a (048.8)  |2 2011 
100 1 |a Lamoš, Teodor,  |d 1921-1965  |4 aut  |9 63638 
245 1 0 |a Sídelný zemepis Kremnice  |c Teodor Lamoš 
260 |a Bratislava  |b Slovenská akadémia vied a umení  |c 1948  |e Trnava  |f Bežo a spol. 
300 |a 214 strán, 35 nečíslovaných strán obrazových príloh  |b fotografie, grafy, mapy, plány, tabuľky  |c 26 cm 
490 1 |a Práce z vedeckých ústavov Slovenskej akadémie vied. (Rad A - kultúrnovedný)  |v sv. 6 
500 |a Obsahuje zoznam máp a plánov a zoznam obrazových príloh 
504 |a Bibliografia na strane 206-211. Bibliografické odkazy 
546 |a Francúzske resumé 
650 0 7 |a regionálna geografia  |2 SNKPH  |9 822 
650 0 7 |a Regional geography  |2 SNKPHeng  |9 267552 
651 7 |a Kremnica (Slovensko)  |2 SNKPHgeo  |9 26188 
651 7 |a Kremnica (Slovakia)  |2 SNKPHeng  |9 275910 
655 7 |a výskumné správy  |2 SNKPH  |9 70491 
655 7 |a Research reports  |2 SNKPHeng  |9 308474 
655 7 |a monografie  |2 SNKPH  |9 70139 
655 7 |a Monographs  |2 SNKPHeng  |9 120675 
830 0 |a Práce z vedeckých ústavov Slovenskej akadémie vied  |p (Rad A - kultúrnovedný)  |9 399617 
852 |a Slovenská národná knižnica 
954 |a odborná, vedecká literatúra pôvodná (slovenská)  |2 lita 
958 |a RK 
958 |a TL 
958 |a OND 
958 |a NB 
999 |c 650285  |d 652215 
952 |a SNK  |b SNK  |y VYP  |7 0  |p 17A0215764  |o snkSB 1070/6 D2  |0 0  |1 0  |4 0  |d 1999-10-28  |l 0  |r 2005-01-02 00:00:00  |w 2026-02-23 
952 |a SNK  |b SNK  |y PREZ  |7 0  |p 17A0738885  |o snkSB 1070/6  |i snk6128/48  |0 0  |1 0  |4 0  |d 2011-11-03  |l 0  |r 2025-02-07 00:00:00  |w 2026-02-23 
952 |a SNK  |b SNK  |y VYP  |7 0  |p 17A0390964  |o snkSB 1070/6 D1  |i snkKSF 77/57  |8 5  |0 0  |1 0  |4 0  |d 2003-08-05  |l 0  |r 2005-01-02 00:00:00  |w 2026-02-23